| 000 | 00579nam a2200145Ia 4500 | ||
|---|---|---|---|
| 999 |
_c12902 _d12902 |
||
| 082 | _aRD.0212 | ||
| 100 |
_aDandekar, Vandana S. _uIntamanrao college of commerece _vSangli, Maharashtra |
||
| 245 | 0 |
_aDynamics of change _b: a socio-economic perspective of students at the entry point of M.B.B.S. education |
|
| 260 |
_c2008 _bIndian Council of Social Science Research _aNew Delhi |
||
| 300 | _a448p | ||
| 504 | _aincludes appendix and bibliography | ||
| 650 |
_aEducation _vEconomic aspects _zMaharashtra |
||
| 650 |
_aStudents _vSocio-economic status _zMaharashtra |
||
| 942 |
_cRP _2ddc |
||